| 000 | 00939pam a22002774a 4500 | ||
|---|---|---|---|
| 999 |
_c635 _d635 |
||
| 001 | 14644711 | ||
| 003 | OSt | ||
| 005 | 20210616075036.0 | ||
| 008 | 061124s2006 miua b 001 0 eng | ||
| 010 | _a 2006286402 | ||
| 020 | _a9780866122894 | ||
| 040 |
_aDLC _cDLC |
||
| 050 | 0 | 0 |
_aHF5686.H75 _b.S34 2006 |
| 100 | 1 |
_aSchmidgall, Raymond S., _d1945- |
|
| 245 | 1 | 0 |
_aHospitality industry managerial accounting / _cRaymond S. Schmidgall. |
| 246 | 3 | 0 | _aManagerial accounting |
| 250 | _a6th ed. | ||
| 260 |
_aLansing, Mich. : _bEducational Institute, American Hotel & Motel Association, _cc2006. |
||
| 300 |
_axiv, 696 p. : _bill. ; _c23 cm. |
||
| 504 | _aIncludes bibliographical references and index. | ||
| 650 | 0 |
_aHospitality industry _xAccounting. |
|
| 650 | 0 | _aManagerial accounting. | |
| 906 |
_a7 _bcbc _corigcop _d3 _encip _f20 _gy-gencatlg |
||
| 942 |
_2lcc _cBK _nDO |
||